Sports Quiz

Random Sports or Basketball Quiz

Top ten nba assist leaders in 2010 Quiz Stats

 Plays Quiz not verified by Sporcle

Challenge
Share
Tweet
Embed
Score 0/10 Timer 03:00
0 Plays Today
Ranks Players % Correct
#2Steve Nash
95.9%
#1Deron Williams
92.3%
#3Rajon Rondo
91.8%
#6Jason Kidd
87.8%
#4LeBron James
82.7%
#5Derrick Rose
67.9%
#7Dwayne Wade
64.3%
#8Chauncey Billups
63.3%
#9Andre Miller
55.6%
#9Manu Ganobili
2%

You're not logged in!

Compare scores with friends on all Sporcle quizzes.
Join for Free
OR
Log In

You Might Also Like...

Show Comments

Extras

Top Quizzes Today


Score Distribution

Your Account Isn't Verified!

In order to create a playlist on Sporcle, you need to verify the email address you used during registration. Go to your Sporcle Settings to finish the process.

Report this User

Report this user for behavior that violates our Community Guidelines.

Details: